000 00625nam a22002057a 4500
999 _c3322
_d3322
003 AR-CdUCM
008 190306b ||||| |||| 00| 0 spa d
040 _aMUNICIPALIDAD PROVINCIAL DEL CUSCO
_cBIBLIOTECA MUNICIPAL DEL CUSCO
082 _a895.303 /
_bL82
100 _aLobsang Rampa, T
_911039
245 _aHistoria de rampa /
260 _aBarcelona :
_bEdiciones destino,
_c1965.
300 _a258 paginas ;
_c18 cm.
505 _aContenido :Historia de rampa.
650 _aTextos escolares
_94527
650 _aHistoria y geografía
_97835
650 _aAmérica latina
_94491
942 _2ddc
_cLIBROS
945 _arum